Carlos III en el recuerdo (Record no. 67148)

MARC details
000 -LEADER
campo de control de longitud fija 01041nam a2200265 i 4500
001 - NÚMERO DE CONTROL
campo de control 67148
003 - IDENTIFICADOR DE NÚMERO DE CONTROL
campo de control ES-MaACL
005 - FECHA Y HORA DE LA ÚLTIMA TRANSACCIÓN
campo de control 20250806062533.0
007 - CAMPO FIJO DE DESCRIPCIÓN FÍSICA--INFORMACIÓN GENERAL
campo de control de longitud fija t|
008 - DATOS DE LONGITUD FIJA--INFORMACIÓN GENERAL
campo de control de longitud fija 910927s1989 sp |||| | spa d
020 ## - NÚMERO INTERNACIONAL ESTÁNDAR DEL LIBRO
Número Internacional Estándar del Libro 84-7812-059-9
080 ## - NÚMERO DE LA CLASIFICACIÓN DECIMAL UNIVERSAL
Número de la Clasificación Decimal Universal 929 Carlos (460) III
080 ## - NÚMERO DE LA CLASIFICACIÓN DECIMAL UNIVERSAL
Número de la Clasificación Decimal Universal 946.0"1759/88"
100 1# - ENTRADA PRINCIPAL--NOMBRE DE PERSONA
Nombre de persona Aguilar Piñal, Francisco.
9 (RLIN) 18744
245 10 - MENCIÓN DEL TÍTULO
Título Carlos III en el recuerdo
Resto del título : (honras fúnebres en memoria del rey difunto) /
Mención de responsabilidad, etc. por Francisco Aguilar Piñal.
260 ## - PUBLICACIÓN, DISTRIBUCIÓN, ETC.
Lugar de publicación, distribución, etc. Madrid :
Nombre del editor, distribuidor, etc. Ayuntamiento de Madrid, Area de Cultura, Educación, Juventud y Deportes :
-- Instituto de Estudios Madrileños,
Fecha de publicación, distribución, etc. 1989.
300 ## - DESCRIPCIÓN FÍSICA
Extensión 38 p ;
Dimensiones 22 cm.
490 1# - MENCIÓN DE SERIE
Mención de serie Ciclo de conferencias: El Madrid de Carlos III ;
Designación de volumen o secuencia 21
600 04 - PUNTO DE ACCESO ADICIONAL DE MATERIA--NOMBRE DE PERSONA
Nombre de persona Carlos
Numeración III,
Títulos y otros términos asociados al nombre Rey de España
9 (RLIN) 35305
651 #4 - PUNTO DE ACCESO ADICIONAL DE MATERIA--NOMBRE GEOGRÁFICO
Nombre geográfico España-
Subdivisión general Historia-
Subdivisión cronológica 1759-1788, Carlos III.
9 (RLIN) 8240
710 2# - ENTRADA AGREGADA--NOMBRE DE ENTIDAD CORPORATIVA
Nombre de entidad corporativa o nombre de jurisdicción como elemento de entrada Instituto de Estudios Madrileños
9 (RLIN) 4916
830 00 - PUNTO DE ACCESO ADICIONAL DE SERIE-TÍTULO UNIFORME
Título uniforme Ciclo de conferencias: El Madrid de Carlos III
Designación de volumen o secuencia 21
9 (RLIN) 180033
852 ## - LOCALIZACIÓN
Ubicación ES-MaACL
Número de control de estantería 2172-F-22
Holdings
Estatus retirado Estado de pérdida Estado de daño No para préstamo Colección Biblioteca de origen Biblioteca actual Ubicación en estantería Fecha de adquisición Fuente de adquisición Total de préstamos Signatura topográfica completa Código de barras Visto por última vez Precio de reemplazo Tipo de ítem Koha
        Colección de folletos Biblioteca del Ateneo de Madrid Biblioteca del Ateneo de Madrid Depósito folletos 17/01/2008     2172-F-22 1070323 23/02/2023 23/02/2023 Folleto